Introduction to radar systems

Guardado en:
Detalles Bibliográficos
Autor principal: Skolnik, Merrill Ivan (Autor)
Formato: Libro
Lenguaje:inglés
Publicado: Nueva York McGraw-Hill 2001
Edición:3a. ed
Materias:
Etiquetas: Agregar Etiqueta
Sin Etiquetas, Sea el primero en etiquetar este registro!

MARC

LEADER 00000nam a2200000 a 4500
001 UCK6836
003 CL-VaPUC
008 051021e20010000US |||||||||||||||||eng|d
020 |a 0072881380 
082 0 4 |a 621.3848  |b SKO  |2 21 
100 0 |a Skolnik, Merrill Ivan  |e author  |9 496316 
245 1 0 |a Introduction to radar systems 
250 |a 3a. ed 
300 |a 772 p 
942 |c BK 
945 |d 20051021 00:00:00  |a cmena 
260 |a Nueva York  |b McGraw-Hill  |c 2001 
650 7 |a RADAR  |2 CL-VaPUC  |9 356111 
650 0 |a Tecnología electrónica  |9 334386 
650 7 |a INSTRUMENTOS DE MEDIDA A DISTANCIA  |2 CL-VaPUC  |9 364122 
650 0 |a Antenas  |9 263309 
583 |a last modification  |c 20051021 00:00:00  |k Rodrigo Vera 
999 |c 314982  |d 314980 
952 |0 0  |1 0  |4 0  |6 621_384800000000000_SKO_2001  |7 0  |8 A  |9 387852  |a BIBING  |b BIBING  |d 2019-11-22  |i 4120884  |l 1  |o 621.3848 SKO 2001  |p 4120884  |r 2025-01-20  |s 2022-08-11  |w 2019-11-22  |y BK  |k EIE